| 000 | 00864nam a2200229 i 4500 | ||
|---|---|---|---|
| 001 | 44135 | ||
| 003 | ES-MaACL | ||
| 005 | 20250728062601.0 | ||
| 007 | t| | ||
| 008 | 030320s1985 sp ||||1| spa d | ||
| 100 | 1 |
_aCirujano Marín, Paloma. _938909 |
|
| 245 | 1 | 0 |
_aHistoriografía y nacionalismo español _b: (1834-1868) / _cPaloma Cirujano Marín, Teresa Elorriaga Planes, Juan Sisinio Pérez Garzón. |
| 260 |
_aMadrid : _bCentro de Estudios Históricos, _c1985. |
||
| 300 |
_aXIV, 206 p. ; _c20 cm. |
||
| 490 | 1 |
_aMonografías ; _v2 |
|
| 700 | 1 |
_aElorriaga Planes, Teresa. _947084 |
|
| 700 | 1 |
_aPérez Garzón, Juan Sisinio. _990901 |
|
| 710 | 2 |
_aCentro de Estudios Históricos (1985-1999) _92639 |
|
| 830 | 0 | 0 |
_aMonografías (Centro de Estudios Benaventanos "Ledo del Pozo") _v2 _9177262 |
| 852 |
_aES-MaACL _jL-10410 _bR.112370 |
||
| 999 |
_c44135 _d44135 |
||